| 000 | 00510nam a2200169 i 4500 | ||
|---|---|---|---|
| 001 | 38293 | ||
| 003 | ES-MaACL | ||
| 007 | t| | ||
| 008 | 030225q1954 sp ||||1| spa d | ||
| 100 | 1 |
_aCalderón, Antonio. _933594 |
|
| 245 | 1 | 0 |
_aEstampas y sainetes... / _cAntonio Calderón y Eduardo Vázquez. |
| 260 |
_aMadrid : _bCid, _c[1954?] ( _fPerman) |
||
| 300 |
_a251 p. : _bil. ; _c19 cm. |
||
| 700 | 1 |
_aVázquez, Eduardo. _9113354 |
|
| 852 |
_aES-MaACL _jC-7917 _bR.36083 |
||
| 852 |
_aES-MaACL _jC-8422 _bR.35720 |
||
| 999 |
_c38293 _d38293 |
||